| 000 | 00713nam a22002537a 4500 | ||
|---|---|---|---|
| 001 | 36729 | ||
| 003 | UA-OsUOA | ||
| 005 | 20210813101752.0 | ||
| 007 | ta | ||
| 008 | 20060213b un ||||| |||| 00| 0 ukr d | ||
| 040 |
_aUA-OsUOA _brus _cUA-OsUOA _dUA-OsUOA |
||
| 041 | _arus | ||
| 080 | _a82-31,133,1 | ||
| 090 |
_a82-31,133,1 _bР67 |
||
| 100 | _aРоллан Р. | ||
| 245 |
_aОчарованная душа _bроман |
||
| 260 |
_aК. _bРадянська школа _c1989 |
||
| 300 | _a574 с. | ||
| 505 | _gТ.1 | ||
| 650 | 7 |
_a82 Література. Літературознавство _2UDC |
|
| 942 |
_cBK _2udc |
||
| 955 | _a3 | ||
| 999 |
_c322933 _d322933 |
||